Asia annual-2005 / (Record no. 17145)

MARC details
000 -LEADER
fixed length control field 00667nam a22002057a 4500
005 - DATE AND TIME OF LATEST TRANSACTION
control field 20081020171855.0
008 - FIXED-LENGTH DATA ELEMENTS--GENERAL INFORMATION
fixed length control field 081020t xxu||||| |||| 00| 0 eng d
010 ## - LIBRARY OF CONGRESS CONTROL NUMBER
LC control number ENG-84183
020 ## - INTERNATIONAL STANDARD BOOK NUMBER
International Standard Book Number 8175412992
020 ## - INTERNATIONAL STANDARD BOOK NUMBER
Terms of availability 650.00 (hb)
035 ## - SYSTEM CONTROL NUMBER
System control number EN-67716
082 ## - DEWEY DECIMAL CLASSIFICATION NUMBER
Classification number 950.13
245 ## - TITLE STATEMENT
Title Asia annual-2005 /
Statement of responsibility, etc edited by Mahavir Singh
260 ## - PUBLICATION, DISTRIBUTION, ETC. (IMPRINT)
Place of publication, distribution, etc Delhi
Name of publisher, distributor, etc Shipra Publications
260 ## - PUBLICATION, DISTRIBUTION, ETC. (IMPRINT)
Date of publication, distribution, etc 2005
300 ## - PHYSICAL DESCRIPTION
Extent ix,264p
Dimensions 25cm
700 ## - ADDED ENTRY--PERSONAL NAME
Personal name Mahavir Singh
Titles and other words associated with a name ed
942 ## - ADDED ENTRY ELEMENTS (KOHA)
Source of classification or shelving scheme Dewey Decimal Classification
Koha item type English Books
Classification part 950.13
Call number suffix ASI
Holdings
Withdrawn status Lost status Source of classification or shelving scheme Damaged status Not for loan Home library Current library Date acquired Cost, normal purchase price Total Checkouts Full call number Barcode Date last seen Cost, replacement price Price effective from Koha item type
    Dewey Decimal Classification   Not For Loan D.B.Act.Division D.B.Act.Division 26/02/2007 650.00   950.13 ASI EN-67716 21/10/2008 650.00 21/10/2008 English Books

© Delhi Public Library
Hit Counter
free hit counter